Anime By Pictures - Statistics

General Stats
  • This quiz has been taken 16,829 times
    16,812 since last reset
  • The average score is 48 of 100
Answer Stats
Picture Answer % Correct
Naruto
97%
One Piece
94%
Bleach
90%
Death Note
90%
Hunter x Hunter
90%
Attack on Titan
88%
Demon Slayer
87%
One Punch Man
87%
My Hero Academia
86%
Tokyo Ghoul
85%
Jujutsu Kaisen
84%
Pokémon
84%
The Seven Deadly Sins
81%
Assassination Classroom
79%
Chainsaw Man
78%
Fullmetal Alchemist
77%
Sword Art Online
77%
Black Clover
75%
Dr. Stone
75%
Haikyu!!
75%
Sailor Moon
75%
Baki
72%
Spy x Family
72%
Fire Force
71%
Parasyte
70%
Re:Zero
70%
Solo Leveling
69%
Code Geass
68%
Jojo's Bizarre Adventure
68%
Food Wars
67%
Berserk
66%
Oshi no Ko
64%
Fairy Tail
61%
Mob Psycho 100
61%
Neon Genesis Evangelion
61%
Frieren: Beyond Journey's End
60%
Classroom of The Elite
58%
Vinland Saga
58%
Black Butler
55%
Detective Conan
55%
Soul Eater
55%
The Promised Neverland
55%
Mashle: Magic And Muscles
54%
Blue Exorcist
53%
Highschool DxD
53%
K-On!
52%
Gintama
51%
Inuyasha
50%
Kaguya-sama: Love is War
50%
That Time I Got Reincarnated as a Slime
50%
Fate
49%
Toradora!
48%
No Game no Life
47%
Overlord
45%
Noragami
43%
The Rising of The Shield Hero
43%
Akame ga Kill
41%
Goblin Slayer
41%
Konosuba
41%
Steins;Gate
41%
Clannad
40%
Future Diary
39%
Danganronpa
38%
Another
37%
Kill la Kill
36%
Charlotte
34%
Jobless Reincarnation
34%
Erased
33%
The Eminence in Shadow
32%
Highschool of The Dead
29%
Seraph of The End
29%
DanMachi
28%
Elfen Lied
22%
Gurren Lagann
22%
Ranma 1/2
22%
Shin-Chan
22%
The Saga of Tanya The Evil
22%
Deadman Wonderland
21%
Miss Kobayashi's Dragon Maid
21%
Beelzebub
20%
Nisekoi
20%
Tower of God
20%
Hyōka
19%
Lucky Star
19%
To Your Eternity
19%
Yona of The Dawn
17%
Blend S
15%
Golden Time
15%
A Certain Scientific Railgun
14%
The Melancholy of Haruhi Suzumiya
13%
Higurashi
12%
Kiss x Sis
12%
Eromanga Sensei
11%
Rosario + Vampire
11%
To Love Ru
11%
The Familiar of Zero
7%
Amagi Brilliant Park
6%
Heaven's Lost Property
4%
MM!
2%
Utawarerumono
1%
No matching quizzes found
Score Distribution
Percent of People with Each Score
Percentile by Number Answered
Your Score History
You have not taken this quiz since the last reset